Libros y alpargatas : la peronización de estudiantes, docentes e intelectuales de la uba, 1966-1974 /

Guardado en:
Autor Principal: Dip, Nicolás
Formato: Libro
Publicado: Rosario : Prohistoria, 2017
Materias:
Etiquetas: Agregar Etiqueta
Sin Etiquetas, Sea el primero en etiquetar este registro!
LEADER 00671nam a22001935a 4500
001 EHU.bham045482
003 AR-BHAM
005 20190102104259.0
008 130507s2017##################000#0#####d
020 |a 9789873864766 
082 9 8 |a 982.06 
100 1 |a Dip, Nicolás 
245 1 0 |a Libros y alpargatas :  |b la peronización de estudiantes, docentes e intelectuales de la uba, 1966-1974 /  |c  Nicolás Dip 
260 |a Rosario :  |b Prohistoria,  |c 2017 
300 |a 224 p. 
653 |a Peronismo 
653 |a Política argentina-peronismo 
653 |a Educación universitaria argentina-historia de la-1966-1974 
859 |a AR-BHAM  |b BIB. HUMANIDADES - General  |h 982.06  |i D625  |p 276.18  |t Ej.1